20 największych wysp Chorwacji - Statystyki

Ogólne statystyki
  • Ten quiz został rozwiązany 33 razy
  • Średni wynik to 7 z 20
Statystyki odpowiedzi
Miejsce Wyspa Powierzchnia (km²) % Poprawnych
1. Krk 405,78
91%
3. Brač 394,57
64%
6. Korčula 276,03
64%
2. Cres 405,78
55%
4. Hvar 299,66
55%
5. Pag 284,56
55%
7. Dugi Otok 114,44
45%
15. Lastovo 46,87
36%
8. Mljet 100,41
36%
17. Čiovo 28,80
27%
9. Rab 90,84
27%
13. Šolta 58,98
27%
20. Vir 22,38
27%
16. Kornat 32,30
18%
18. Olib 26,09
18%
12. Pašman 63,34
18%
14. Ugljan 50,21
18%
10. Vis 90,26
18%
11. Lošinj 74,68
9%
19. Molat 22,82
9%
Nie znaleziono quizów pasujących do podanych kryteriów
Rozkład punktacji
Procent ludzi z każdym wynikiem
Percentyl według liczby udzielonych odpowiedzi
Twoja historia wyników
Nie rozwiązałeś tego quizu